Представление документа в формате RUSMARC

ПолеНазваниеЗначение
  Тип записи a
  Библиографический уровень a
001 Контрольный номер RU/REG73/CBS_GRAD/dfaabdf070694c528f2eba415d4c521b
005 Дата корректировки 20251230101815.0
100 Данные общей обработки __
a Данные общей обработки 20251230a20251210|||c0rusy0189 ca
101 Язык документа 0_
a Язык текста rus
102 Страна публикации __
a Страна публикации RU
200 Заглавие и сведения об ответственности 1_
a Заглавие Судьбы Отечества: когда знаково и весомо всё
e Сведения, относящиеся к заглавию Международный театральный фестиваль "История государства Российского. Отечество и судьбы"
f Первые сведения об ответственности В. Стасов
461 Уровень набора _0
1 2000
a Народная газета
463 Уровень физической единицы _0
1 2000
a № 50 (624) (10 декабря)
v С. 25
1 2101
d 2025
1 001RU/REG73/CBS_GRAD/873854703ef9481cab639caf630c1b20
606 Тематические рубрики 0_
a Основная рубрика Культура
610 Ключевые слова 0_
a Ключевые слова театральные фестивали, культура, культурная жизнь
700 Автор _1
a Фамилия Стасов
b Имя (инициалы) В.
g Полное личное имя Владислав
801 Источник записи _0
a Страна RU
b Организация RuCBSGrad
c Дата составления 20251230
g Правила каталогизации RCR
801 Источник записи _1
a Страна RU
b Организация RuCBSGrad
c Дата составления 20251230
g Правила каталогизации RCR
852 Данные о местонахождении __
a Наименование организации МБУК ЦБС г. Димитровграда
901 Тип документа __
t Тип документа f
w Контрольный № источника RU/REG73/CBS_GRAD/873854703ef9481cab639caf630c1b20